Normal view
MARC view
Entry Personal Name
001 - CONTROL NUMBER
- control field: 49232
003 - CONTROL NUMBER IDENTIFIER
- control field: ARRUPE
005 - DATE AND TIME OF LATEST TRANSACTION
- control field: 20200131113451.0
008 - FIXED-LENGTH DATA ELEMENTS
- fixed length control field: 200131|| aca||aabn | a|a d
040 ## - CATALOGING SOURCE
- Original cataloging agency: ARRUPE
- Transcribing agency: ARRUPE
100 ## - HEADING--PERSONAL NAME
- Personal name: Alice,
- Titles and other words associated with a name: Grand Duchess, consort of Ludwig IV, Grand Duke of Hesse-Darmstadt,
- Dates associated with a name: 1843-1878.
670 ## - SOURCE DATA FOUND
- Source citation: Work cat.: (ARRUPE)0: Epton, Nina. 49231, Victoria and her daughters, [1971]